Sports Quiz / Slideshow: NFL Coaches who played in the NFL

Random Sports or NFL Quiz

Results

Quiz not verified by Sporcle

Challenge
Share
Tweet
Score 0/28 Timer 07:00
0 Plays Today
% Correct
Mike Ditka
98.1%
Jim Harbaugh
90%
Mike Singletary
85.9%
Bart Starr
77%
Herm Edwards
75.1%
Don Shula
67.3%
Jeff Fisher
66.5%
Jason Garrett
66.2%
Tony Dungy
66.2%
Art Shell
65.8%
Bill Cowher
58.4%
Jack Del Rio
58%
Tom Landry
53.5%
Mike Munchak
52.4%
% Correct
Gary Kubiak
47.2%
Ray Berry
37.2%
Leslie Frazier
36.8%
Dan Reeves
36.1%
Norm Van Brocklin
34.9%
Jim Haslett
34.9%
Ron Rivera
30.5%
Chuck Noll
20.4%
Sean Payton
20.1%
Forrest Gregg
20.1%
Dick Jauron
13.8%
Marty Schottenheimer
13.8%
Ken Whisenhunt
6.7%
Dick Nolan
2.6%
 
Number % Answered
28 (all)
0.7%
24-27
6.7%
20-23
14.1%
16-19
17.8%
12-15
21.2%
8-11
14.9%
4-7
15.2%
1-3
9.3%

You're not logged in!

Compare scores with friends on all Sporcle quizzes.
Sign Up with Email
OR
Log In

You Might Also Like...

Show Comments

Extras


Your Account Isn't Verified!

In order to create a playlist on Sporcle, you need to verify the email address you used during registration. Go to your Sporcle Settings to finish the process.